000 00680nam a2200277Ia 4500
005 20260324133400.0
008 008 260324s9999 xx 000 0 eng d
020 _a9781315237978
037 _aEBOOK
040 _aCRL
040 _beng
040 _cCRL
041 _2eng
041 _aeng
084 _qCRL
100 _aErik Stubkjaer; Heiner Stuckenschmidt
_91192881
245 4 _aThe Ontology and Modelling of Real Estate Transactions
260 _bTaylor and Francis
260 _c2003
365 _a
365 _b255
856 _uhttp://www.taylorfrancis.com/books/9781315237978
942 _cEBOOK
999 _c1791856
_d1791856